000 00812nam a2200289 a 4500
001 21299
003 VRT
005 20260226120043.0
008 011102s2001 xo a 000 1 slo c
020 _a8071466042 (viaz.)
035 _aUKB000296404
040 _aBAA001
_bslo
_cBAA001
_eAACR2
041 1 _aslo
_hmul
044 _axo
_cSK
080 _a82-93-34
245 1 0 _aMinirozprávky
_c[preklad Viera Gründlerová]
_n[32]
260 _aBratislava
_bJunior
_c[2001]
300 _a[66] s.
_bil
650 0 7 _aliteratúra svetová
_xrozprávky
650 0 7 _arozprávky svetové
653 _a82-93-34
700 1 _aGründlerová, Viera
_4trl
910 _aukb
942 _2ddc
_cKLDE
_n0
949 _61800133808
_aSL.G.04525
_bPV.5879-2001
949 _61800133809
_aSK.G.01195
_bPV.5880-2001
_s6707:20060719
999 _c21299
_d21299